| 000 | 01002nam a2200265 c 4500 | ||
|---|---|---|---|
| 001 | 000030461 | ||
| 003 | RuMoIPM | ||
| 005 | 20260504103851.0 | ||
| 008 | 171010s1972 ru a||||||||||||||||rus d | ||
| 035 | _a(RuMoBEN) 001760550 | ||
| 035 | _a(RuMoBEN-CBP Bibliobus) 110303 | ||
| 040 |
_aRuMoBEN _brus _ercr |
||
| 041 | _arus | ||
| 044 | _aru | ||
| 080 | _a51(07) | ||
| 245 | 0 | 0 |
_aПособие по математике для поступающих в вузы _cБ. И. Александров, В. М. Максимов, М. В. Лурье, А. В. Колесниченко |
| 260 |
_aМосква _bИзд-во МГУ _c1972 |
||
| 300 | _a608 с. | ||
| 504 | _aБиблиогр.: с. 608 | ||
| 700 | 0 | _aАлександров, Борис Иванович | |
| 700 | 0 | _aМаксимов, Вячеслав Михайлович | |
| 700 | 0 | _aЛурье, Михаил Владимирович | |
| 700 | 0 | _aКолесниченко, Александр Владимирович | |
| 942 | _cBK | ||
| 999 |
_c30461 _d30461 |
||